| 000 | 00402nam a2200181Ia 4500 | ||
|---|---|---|---|
| 005 | 20240823051732.0 | ||
| 008 | 240823s9999||||xx |||||||||||||| ||und|| | ||
| 041 | _aENGLISH | ||
| 082 | _A823.91 L4 | ||
| 100 | _aRoger Lancelyn Green | ||
| 245 | 2 | _aA Book of Dragons | |
| 250 | _a1st | ||
| 260 |
_c1970 _bPuffin |
||
| 500 | _aYES | ||
| 650 |
_aDragons _bGeneral |
||
| 942 | _cBK | ||
| 999 |
_c220259 _d220259 |
||